| 000 | 00469nam a2200193 4500 | ||
|---|---|---|---|
| 005 | 20150326102915.0 | ||
| 008 | 000 | ||
| 020 | _a0273002309 | ||
| 040 | _aUOEL | ||
| 050 |
_aS562.G7 _bS8 1971 |
||
| 100 | _aSturrock, Ford | ||
| 245 |
_aFarm accounting and management _cFord Sturrock |
||
| 250 | _a6th ed. | ||
| 260 |
_aLondon _bPitman Publishing, _c1971 |
||
| 300 |
_aix,262p. _bill. |
||
| 500 | _aIncludes index | ||
| 650 | _xAgriculture (General) | ||
| 942 |
_2lcc _cLL |
||
| 999 |
_c3247 _d3247 |
||